British journal of social medicine / (Record no. 551)

MARC details
000 -LEADER
campo de control de longitud fija 00784nas a2200253 i 4500
001 - NÚMERO DE CONTROL
campo de control 551
003 - IDENTIFICADOR DE NÚMERO DE CONTROL
campo de control ES-MaACL
005 - FECHA Y HORA DE LA ÚLTIMA TRANSACCIÓN
campo de control 20250807062528.0
007 - CAMPO FIJO DE DESCRIPCIÓN FÍSICA--INFORMACIÓN GENERAL
campo de control de longitud fija t|
008 - DATOS DE LONGITUD FIJA--INFORMACIÓN GENERAL
campo de control de longitud fija 950801d19471952xxk | | 1 ||ng d
080 ## - NÚMERO DE LA CLASIFICACIÓN DECIMAL UNIVERSAL
Número de la Clasificación Decimal Universal 410
245 00 - MENCIÓN DEL TÍTULO
Título British journal of social medicine /
Mención de responsabilidad, etc. editors F.A.E. Crew and Lancelot Hogben.
260 ## - PUBLICACIÓN, DISTRIBUCIÓN, ETC.
Lugar de publicación, distribución, etc. London :
Nombre del editor, distribuidor, etc. British Medical Association,
Fecha de publicación, distribución, etc. 1947-1952 (
Fabricante Headley Brothers)
300 ## - DESCRIPCIÓN FÍSICA
Extensión 1 v. :
Otras características físicas grab. ;
Dimensiones 25 cm.
310 ## - PERIODICIDAD ACTUAL
Periodicidad actual Mensual
362 0# - FECHAS DE PUBLICACIÓN Y/O DESIGNACIÓN SECUENCIAL
Fecha de publicación y/o designación secuencial Vol. 1, nº. 1 (Jan. 1947)-v. 6. nº. 4 (Oct. 1952.
650 17 - PUNTO DE ACCESO ADICIONAL DE MATERIA--TÉRMINO DE MATERIA
Término de materia o nombre geográfico como elemento de entrada Medicina
Fuente del encabezamiento o término embne
9 (RLIN) 14891
700 1# - ENTRADA AGREGADA--NOMBRE PERSONAL
Nombre de persona Crew, F.A.E.
9 (RLIN) 41583
700 1# - ENTRADA AGREGADA--NOMBRE PERSONAL
Nombre de persona Hogben, Lancelot.
9 (RLIN) 63977
710 2# - ENTRADA AGREGADA--NOMBRE DE ENTIDAD CORPORATIVA
Nombre de entidad corporativa o nombre de jurisdicción como elemento de entrada British Medical Association (Londres)
9 (RLIN) 2245
852 ## - LOCALIZACIÓN
Ubicación ES-MaACL
Número de control de estantería Hem-631
866 #0 - MENCIÓN TEXTUAL DE FONDOS--UNIDAD BIBLIOGRÁFICA BÁSICA
Fondos 1947.
Holdings
Estatus retirado Estado de pérdida Estado de daño No para préstamo Colección Biblioteca de origen Biblioteca actual Ubicación en estantería Fecha de adquisición Fuente de adquisición Total de préstamos Signatura topográfica completa Código de barras Visto por última vez Precio de reemplazo Tipo de ítem Koha
        Periódicos y Revistas Biblioteca del Ateneo de Madrid Biblioteca del Ateneo de Madrid Depósito 1 17/01/2008     Hem-631 1000564 23/02/2023 23/02/2023 Revista